<?xml version="1.0" encoding="UTF-8"?>
<record
    xmlns:xsi="http://www.w3.org/2001/XMLSchema-instance"
    xsi:schemaLocation="http://www.loc.gov/MARC21/slim http://www.loc.gov/standards/marcxml/schema/MARC21slim.xsd"
    xmlns="http://www.loc.gov/MARC21/slim">

  <leader>00770nam a2200313 a 4500</leader>
  <controlfield tag="001">24360</controlfield>
  <controlfield tag="003">CO-ViMGA</controlfield>
  <controlfield tag="008">141112s2004    ck      r     000 u spa d</controlfield>
  <datafield tag="020" ind1=" " ind2=" ">
    <subfield code="a">9789588639079</subfield>
  </datafield>
  <datafield tag="040" ind1=" " ind2=" ">
    <subfield code="a">CO-ViMGA</subfield>
    <subfield code="b">spa</subfield>
    <subfield code="c">CO-ViMGA</subfield>
  </datafield>
  <datafield tag="041" ind1=" " ind2=" ">
    <subfield code="a">SPA</subfield>
  </datafield>
  <datafield tag="090" ind1=" " ind2=" ">
    <subfield code="a">A DIP1</subfield>
  </datafield>
  <datafield tag="100" ind1="1" ind2=" ">
    <subfield code="a">Dipacho</subfield>
    <subfield code="9">35729</subfield>
  </datafield>
  <datafield tag="245" ind1="1" ind2="0">
    <subfield code="a">Dos pajaritos / </subfield>
    <subfield code="c">Dipacho</subfield>
  </datafield>
  <datafield tag="250" ind1=" " ind2=" ">
    <subfield code="a">1a ed.</subfield>
  </datafield>
  <datafield tag="260" ind1=" " ind2=" ">
    <subfield code="a">Bogot&#xE1; : </subfield>
    <subfield code="b">Lumen, </subfield>
    <subfield code="c">2010</subfield>
  </datafield>
  <datafield tag="300" ind1=" " ind2=" ">
    <subfield code="a">36 p. : il. col. : il.</subfield>
  </datafield>
  <datafield tag="490" ind1=" " ind2=" ">
    <subfield code="a">La biblioteca</subfield>
  </datafield>
  <datafield tag="650" ind1="1" ind2="4">
    <subfield code="a">.</subfield>
  </datafield>
  <datafield tag="650" ind1="1" ind2="4">
    <subfield code="a">. </subfield>
  </datafield>
  <datafield tag="650" ind1="1" ind2="4">
    <subfield code="a">. </subfield>
  </datafield>
  <datafield tag="650" ind1="1" ind2="4">
    <subfield code="a">. </subfield>
  </datafield>
  <datafield tag="650" ind1="1" ind2="4">
    <subfield code="a">AUTORES COLOMBIANOS </subfield>
    <subfield code="9">32</subfield>
  </datafield>
  <datafield tag="650" ind1="1" ind2="4">
    <subfield code="a">AVES </subfield>
  </datafield>
  <datafield tag="650" ind1="1" ind2="4">
    <subfield code="a">CONSUMISMO </subfield>
    <subfield code="9">35730</subfield>
  </datafield>
  <datafield tag="650" ind1="1" ind2="4">
    <subfield code="a">ILUSTRADORES COLOMBIANOS </subfield>
    <subfield code="9">35731</subfield>
  </datafield>
  <datafield tag="650" ind1="1" ind2="4">
    <subfield code="a">LEER ES MI CUENTO - COLECCION 2011 </subfield>
    <subfield code="9">35732</subfield>
  </datafield>
  <datafield tag="942" ind1=" " ind2=" ">
    <subfield code="2">ddc</subfield>
    <subfield code="c">BK</subfield>
  </datafield>
  <datafield tag="999" ind1=" " ind2=" ">
    <subfield code="c">2257</subfield>
    <subfield code="d">2257</subfield>
  </datafield>
  <datafield tag="952" ind1=" " ind2=" ">
    <subfield code="0">0</subfield>
    <subfield code="1">0</subfield>
    <subfield code="2">ddc</subfield>
    <subfield code="4">0</subfield>
    <subfield code="7">0</subfield>
    <subfield code="8">INF</subfield>
    <subfield code="a">MEGUAMAL</subfield>
    <subfield code="b">MEGUAMAL</subfield>
    <subfield code="c">SInf</subfield>
    <subfield code="d">2023-02-13</subfield>
    <subfield code="l">0</subfield>
    <subfield code="o"> A DIP1</subfield>
    <subfield code="p">GUA001154</subfield>
    <subfield code="r">2023-02-13 00:00:00</subfield>
    <subfield code="t">Ej.1</subfield>
    <subfield code="w">2023-02-13</subfield>
    <subfield code="y">BKINF</subfield>
  </datafield>
  <datafield tag="952" ind1=" " ind2=" ">
    <subfield code="0">0</subfield>
    <subfield code="1">0</subfield>
    <subfield code="2">ddc</subfield>
    <subfield code="4">0</subfield>
    <subfield code="7">0</subfield>
    <subfield code="8">GEN</subfield>
    <subfield code="a">MESGUARO</subfield>
    <subfield code="b">MESGUARO</subfield>
    <subfield code="c">SInf</subfield>
    <subfield code="d">2023-02-16</subfield>
    <subfield code="l">0</subfield>
    <subfield code="o">A DIP1</subfield>
    <subfield code="p">SG00085</subfield>
    <subfield code="r">2023-02-16 00:00:00</subfield>
    <subfield code="t">Ej.1</subfield>
    <subfield code="w">2023-02-16</subfield>
    <subfield code="y">BKINF</subfield>
  </datafield>
  <datafield tag="952" ind1=" " ind2=" ">
    <subfield code="0">0</subfield>
    <subfield code="1">0</subfield>
    <subfield code="2">ddc</subfield>
    <subfield code="4">0</subfield>
    <subfield code="7">0</subfield>
    <subfield code="8">INF</subfield>
    <subfield code="a">MESMARTI</subfield>
    <subfield code="b">MESMARTI</subfield>
    <subfield code="c">SInf</subfield>
    <subfield code="d">2023-03-06</subfield>
    <subfield code="l">0</subfield>
    <subfield code="o">A DIP1</subfield>
    <subfield code="p">SM00469</subfield>
    <subfield code="r">2023-03-06 00:00:00</subfield>
    <subfield code="t">Ej.1</subfield>
    <subfield code="w">2023-03-06</subfield>
    <subfield code="y">BKINF</subfield>
  </datafield>
  <datafield tag="952" ind1=" " ind2=" ">
    <subfield code="0">0</subfield>
    <subfield code="1">0</subfield>
    <subfield code="2">ddc</subfield>
    <subfield code="4">0</subfield>
    <subfield code="7">0</subfield>
    <subfield code="8">INF</subfield>
    <subfield code="a">MECUBARR</subfield>
    <subfield code="b">MECUBARR</subfield>
    <subfield code="c">SInf</subfield>
    <subfield code="d">2023-07-25</subfield>
    <subfield code="l">0</subfield>
    <subfield code="o">A DIP1</subfield>
    <subfield code="p">CUB00824</subfield>
    <subfield code="r">2023-07-25 15:53:57</subfield>
    <subfield code="t">Ej.1</subfield>
    <subfield code="w">2023-07-25</subfield>
    <subfield code="y">BKINF</subfield>
  </datafield>
  <datafield tag="952" ind1=" " ind2=" ">
    <subfield code="0">0</subfield>
    <subfield code="1">0</subfield>
    <subfield code="2">ddc</subfield>
    <subfield code="4">0</subfield>
    <subfield code="7">0</subfield>
    <subfield code="8">008</subfield>
    <subfield code="a">MEVIECAR</subfield>
    <subfield code="b">MEVIECAR</subfield>
    <subfield code="d">2015-12-04</subfield>
    <subfield code="h">27/jun/2012</subfield>
    <subfield code="l">1</subfield>
    <subfield code="o">A DIP1</subfield>
    <subfield code="p">25117</subfield>
    <subfield code="r">2017-09-22 00:00:00</subfield>
    <subfield code="s">2017-09-20</subfield>
    <subfield code="t">Ej. 1</subfield>
    <subfield code="w">2015-12-04</subfield>
    <subfield code="y">BK</subfield>
  </datafield>
  <datafield tag="952" ind1=" " ind2=" ">
    <subfield code="0">0</subfield>
    <subfield code="1">0</subfield>
    <subfield code="2">ddc</subfield>
    <subfield code="4">0</subfield>
    <subfield code="7">0</subfield>
    <subfield code="8">INF</subfield>
    <subfield code="a">MESJUANI</subfield>
    <subfield code="b">MESJUANI</subfield>
    <subfield code="c">SInf</subfield>
    <subfield code="d">2024-01-17</subfield>
    <subfield code="l">0</subfield>
    <subfield code="o">A DIP1</subfield>
    <subfield code="p">SJU00077</subfield>
    <subfield code="r">2024-01-17 22:36:10</subfield>
    <subfield code="t">Ej.1</subfield>
    <subfield code="w">2024-01-17</subfield>
    <subfield code="y">BK</subfield>
  </datafield>
  <datafield tag="952" ind1=" " ind2=" ">
    <subfield code="0">0</subfield>
    <subfield code="1">0</subfield>
    <subfield code="2">ddc</subfield>
    <subfield code="4">0</subfield>
    <subfield code="7">0</subfield>
    <subfield code="8">INF</subfield>
    <subfield code="a">MEDORADO</subfield>
    <subfield code="b">MEDORADO</subfield>
    <subfield code="c">SInf</subfield>
    <subfield code="d">2024-02-15</subfield>
    <subfield code="l">0</subfield>
    <subfield code="o">A DIP1</subfield>
    <subfield code="p">DOR03156</subfield>
    <subfield code="r">2024-02-15 16:31:15</subfield>
    <subfield code="t">Ej.1</subfield>
    <subfield code="w">2024-02-15</subfield>
    <subfield code="y">BK</subfield>
  </datafield>
  <datafield tag="952" ind1=" " ind2=" ">
    <subfield code="0">0</subfield>
    <subfield code="1">0</subfield>
    <subfield code="4">0</subfield>
    <subfield code="7">0</subfield>
    <subfield code="8">InfPoTi</subfield>
    <subfield code="a">MEVIGERR</subfield>
    <subfield code="b">MEVIGERR</subfield>
    <subfield code="c">SInf</subfield>
    <subfield code="d">2012-06-07</subfield>
    <subfield code="o">A DIP1</subfield>
    <subfield code="p">ECA21143</subfield>
    <subfield code="r">2024-11-26 08:55:29</subfield>
    <subfield code="t">Ej.1</subfield>
    <subfield code="w">2024-11-26</subfield>
    <subfield code="y">BK</subfield>
    <subfield code="z">15562 | 20289</subfield>
  </datafield>
  <datafield tag="952" ind1=" " ind2=" ">
    <subfield code="0">0</subfield>
    <subfield code="1">0</subfield>
    <subfield code="4">0</subfield>
    <subfield code="7">0</subfield>
    <subfield code="8">InfPoTi</subfield>
    <subfield code="a">MEVIGERR</subfield>
    <subfield code="b">MEVIGERR</subfield>
    <subfield code="c">SInf</subfield>
    <subfield code="d">2012-07-03</subfield>
    <subfield code="o">C DIP1</subfield>
    <subfield code="p">ECA21442</subfield>
    <subfield code="r">2024-11-26 09:29:36</subfield>
    <subfield code="t">Ej.1</subfield>
    <subfield code="w">2024-11-26</subfield>
    <subfield code="y">BK</subfield>
    <subfield code="z">15750 | 20490</subfield>
  </datafield>
  <datafield tag="952" ind1=" " ind2=" ">
    <subfield code="0">0</subfield>
    <subfield code="1">0</subfield>
    <subfield code="2">ddc</subfield>
    <subfield code="4">0</subfield>
    <subfield code="7">0</subfield>
    <subfield code="8">INF</subfield>
    <subfield code="a">MEMESETA</subfield>
    <subfield code="b">MEMESETA</subfield>
    <subfield code="c">SInf</subfield>
    <subfield code="d">2025-02-18</subfield>
    <subfield code="l">0</subfield>
    <subfield code="o">C PAZ</subfield>
    <subfield code="p">ME01290</subfield>
    <subfield code="r">2025-02-18 16:48:26</subfield>
    <subfield code="t">Ej.1</subfield>
    <subfield code="w">2025-02-18</subfield>
    <subfield code="y">BK</subfield>
  </datafield>
  <datafield tag="952" ind1=" " ind2=" ">
    <subfield code="0">0</subfield>
    <subfield code="1">0</subfield>
    <subfield code="2">ddc</subfield>
    <subfield code="4">0</subfield>
    <subfield code="7">0</subfield>
    <subfield code="a">MEFTEORO</subfield>
    <subfield code="b">MEFTEORO</subfield>
    <subfield code="c">SInf</subfield>
    <subfield code="d">2025-04-11</subfield>
    <subfield code="l">0</subfield>
    <subfield code="o">A DIP1</subfield>
    <subfield code="p">Fo00002311</subfield>
    <subfield code="r">2025-04-11 10:35:37</subfield>
    <subfield code="t">Ej.1</subfield>
    <subfield code="w">2025-04-11</subfield>
    <subfield code="y">BKINF</subfield>
  </datafield>
  <datafield tag="952" ind1=" " ind2=" ">
    <subfield code="0">0</subfield>
    <subfield code="1">0</subfield>
    <subfield code="2">ddc</subfield>
    <subfield code="4">0</subfield>
    <subfield code="7">0</subfield>
    <subfield code="8">INF</subfield>
    <subfield code="a">MEPLOPEZ</subfield>
    <subfield code="b">MEPLOPEZ</subfield>
    <subfield code="c">SInf</subfield>
    <subfield code="d">2025-06-04</subfield>
    <subfield code="l">0</subfield>
    <subfield code="p">PLZ00341</subfield>
    <subfield code="r">2025-06-04 08:58:31</subfield>
    <subfield code="t">Ej.1</subfield>
    <subfield code="w">2025-06-04</subfield>
    <subfield code="y">BK</subfield>
  </datafield>
  <datafield tag="952" ind1=" " ind2=" ">
    <subfield code="0">0</subfield>
    <subfield code="1">0</subfield>
    <subfield code="2">ddc</subfield>
    <subfield code="4">0</subfield>
    <subfield code="7">0</subfield>
    <subfield code="8">INF</subfield>
    <subfield code="a">MEMACARE</subfield>
    <subfield code="b">MEMACARE</subfield>
    <subfield code="c">SInf</subfield>
    <subfield code="d">2025-07-11</subfield>
    <subfield code="l">0</subfield>
    <subfield code="o">11/07/2025</subfield>
    <subfield code="p">LM02466</subfield>
    <subfield code="r">2025-07-11 11:28:50</subfield>
    <subfield code="t">Ej.1</subfield>
    <subfield code="w">2025-07-11</subfield>
    <subfield code="y">BK</subfield>
  </datafield>
  <datafield tag="952" ind1=" " ind2=" ">
    <subfield code="0">0</subfield>
    <subfield code="1">0</subfield>
    <subfield code="2">ddc</subfield>
    <subfield code="4">0</subfield>
    <subfield code="7">0</subfield>
    <subfield code="8">INF</subfield>
    <subfield code="a">MESARAMA</subfield>
    <subfield code="b">MESARAMA</subfield>
    <subfield code="c">SInf</subfield>
    <subfield code="d">2025-07-11</subfield>
    <subfield code="l">0</subfield>
    <subfield code="o">A DIP1</subfield>
    <subfield code="p">SJA01090</subfield>
    <subfield code="r">2025-07-11 11:31:00</subfield>
    <subfield code="t">Ej.1</subfield>
    <subfield code="w">2025-07-11</subfield>
    <subfield code="y">BKINF</subfield>
  </datafield>
  <datafield tag="952" ind1=" " ind2=" ">
    <subfield code="0">0</subfield>
    <subfield code="1">0</subfield>
    <subfield code="2">ddc</subfield>
    <subfield code="4">0</subfield>
    <subfield code="7">0</subfield>
    <subfield code="8">INF</subfield>
    <subfield code="a">MEGRANAD</subfield>
    <subfield code="b">MEGRANAD</subfield>
    <subfield code="c">SInf</subfield>
    <subfield code="d">2025-08-13</subfield>
    <subfield code="l">0</subfield>
    <subfield code="o">A DIP1</subfield>
    <subfield code="p">GRDA003014</subfield>
    <subfield code="r">2025-08-13 21:24:32</subfield>
    <subfield code="t">Ej.1</subfield>
    <subfield code="w">2025-08-13</subfield>
    <subfield code="y">BK</subfield>
  </datafield>
</record>
